header

Postcolonial discourse and changing cultural contexts (Record no. 773)

MARC details
000 -LEADER
fixed length control field 01687nam a2200397 a 4500
082 04 - DEWEY DECIMAL CLASSIFICATION NUMBER
Classification number 809/.93358
245 00 - TITLE STATEMENT
Title Postcolonial discourse and changing cultural contexts
260 ## - PUBLICATION, DISTRIBUTION, ETC. (IMPRINT)
Place of publication Westport, Conn. :
Name of publisher Greenwood Press,
Year of publication 1995.
300 ## - PHYSICAL DESCRIPTION
Number of Pages vi, 232 p.
490 1# - SERIES STATEMENT
Series statement Contributions to the study of world literature,
650 #0 - SUBJECT ADDED ENTRY--TOPICAL TERM
Topical Term Colonies in literature.
Topical Term Literature and anthropology.
Topical Term Decolonization in literature.
Topical Term Imperialism in literature.
Topical Term Postcolonialism.
Topical Term Literature, Modern
700 0# - ADDED ENTRY--PERSONAL NAME
Personal name Gita Rajan,
Personal name Mohanram, Radhika.
856 40 - ELECTRONIC LOCATION AND ACCESS
Uniform Resource Identifier http://site.ebrary.com/lib/rucke/Doc?id=5004434

No items available.

© 2026 Rongo University
Contact us: librarian | system librarian | Rongo university